Datum a čas kvízu
29
Celkem bodů
Celkový počet nahraných bodů na tomto kvízu bez doplňovacích otázek.
7.
Pořadí na kvízu
Konečné umístění týmu na tomto kvízu.
Zaznamenané odpovědi
| # | Otázka | Odpověď | Body | Výsledky |
|---|---|---|---|---|
| 1. | Jak se nazývá zámek nedaleko P... | Štiřín | 1 | |
| 2. | Do jedné vesnické školy zapsal... | ve Francii | 0 | |
| 3. | Minulý týden začal režisér Tom... | Tři princezny | 0 | |
| 4. | Podnikatel Jan Čermák minulý t... | TV Barrandov | 1 | |
| 5. | Dvacetiletý atlet Tomáš Habart... | D) na 3 000 m překážek | 1 | |
| 6. | Bájného českého knížete Kroka,... | Krakov | 1 | |
| 7. | Podle pověsti prý zvony z kost... | ve čtvrtek (na Zelený čtvrtek) | 0 | |
| 8. | Před kněžnou Libuší stanuli dv... | A | 0 | |
| 9. | O hřbitovním kostele sv. Maří... | Svatební košile | 1 | |
| 10. | Pokud dokážete určit, co tento... | Stadice | 0 |